Statistics for Disney Or Nickelodeon

Click here to take the quiz!

General Stats

  • This quiz has been taken 178 times
  • The average score is 23 of 24

Answer Stats

Show/MovieAnswer% Correct
Hocus PocusDisney
100%
Sam & CatNickelodeon
99%
Lizzie McGuireDisney
98%
The Loud HouseNickelodeon
98%
TinkerBellDisney
97%
BoltDisney
97%
CarsDisney
97%
The IncrediblesDisney
97%
The Lion KingDisney
97%
High School MusicalDisney
97%
Boy Meets WorldDisney
97%
CatDogNickelodeon
97%
The Wild ThorneberrysNickelodeon
97%
Hey ArnoldNickelodeon
97%
RugratsNickelodeon
97%
VictoriousNickelodeon
97%
DougNickelodeon
97%
Inside OutDisney
96%
ZombiesDisney
96%
Zenon: Girl of the 21st CenturyDisney
96%
The Fairly Odd ParentsNickelodeon
96%
Kenan & KelNickelodeon
96%
iCarlyNickelodeon
96%
SpongebobNickelodeon
96%

Score Distribution

Percentile by Number Answered

Percent of People with Each Score

Your Score History

You have not taken this quiz